| 000 | 00381nam a2200157Ia 4500 | ||
|---|---|---|---|
| 008 | 230312s9999||||xx |||||||||||||| ||und|| | ||
| 020 | _a0070219915 | ||
| 082 |
_a338.5 _bFRA-P |
||
| 100 | _aFrank,Robert | ||
| 245 | 0 | _aPrinciples of Economics | |
| 260 |
_bMcGraw Hill _aIndia _c2001 |
||
| 300 | _a1-10 | ||
| 546 | _aEng. | ||
| 650 |
_aEconomics _vMarket Imperfections |
||
| 942 | _cBK | ||
| 999 |
_c6250 _d6250 |
||